50 Most Expensive Ligue 1 Transfers - Statistics

General Stats
  • This quiz has been taken 329 times
  • The average score is 24 of 50
Answer Stats
Price From To Player % Correct
£130.5M AS Monaco PSG Kylian Mbappe
100%
£199.8M FC Barcelona PSG Neymar
100%
£58M Napoli PSG Edinson Cavani
91%
£56.7M Manchester United PSG Angel Di Maria
86%
£37.8M AC Milan PSG Thiago Silva
85%
£44.5M Chelsea PSG David Luiz
80%
£38.7M Atletico Madrid AS Monaco Radamel Falcao
78%
£40.5M FC Porto AS Monaco James Rodriguez
74%
£32.4M VFL Wolfsburg PSG Julian Draxler
74%
£37.8M Palermo PSG Javier Pastore
72%
£36M Sao Paulo PSG Lucas Moura
70%
£26.3M West Ham United Olympique Marseille Dimitri Payet
67%
£36M Zenit St. Petersburg PSG Leandro Paredes
64%
£18.9M AC Milan PSG Zlatan Ibrahimovic
62%
£24.3M KAA Gent LOSC Lille Jonathan David
61%
£27M Napoli PSG Ezequiel Lavezzi
60%
£28.2M AS Roma PSG Marquinhos
58%
£33.3M FC Schalke 04 PSG Thilo Kehrer
56%
£27M Everton PSG Idrissa Gueye
55%
£45M Inter Milan PSG Mauro Icardi
55%
£36M Sevilla FC AS Monaco Wissam Ben Yedder
54%
£19.1M Atletico Paranaense Stade Rennes Lucas
53%
£19.8M Celtic Olympique Lyon Moussa Dembele
52%
£19.8M FC Bordeaux Olympique Lyon Yoann Gourcuff
49%
£27M CSKA Moscow AS Monaco Aleksandr Golovin
45%
£23.4M RSC Anderlecht Stade Rennes Jeremy Doku
44%
£18M Bayern Munich LOSC Lille Renato Sanches
41%
£22.5M AS Roma Olympique Marseille Kevin Strootman
40%
£22.5M Real Madrid PSG Jese Rodriguez
39%
£19.8M LOSC Lille Olympique Lyon Thiago Mendes
39%
£18M AC Milan Olympique Lyon Lucas Paqueta
37%
£28.8M Borussia Dortmund PSG Abdou Diallo
36%
£22.5M Angers SCO Olympique Lyon Jeff Reine-Adelaide
35%
£18.4M Ajax OGC Nice Kasper Dolberg
35%
£22.5M AS Monaco PSG Layvin Kurzawa
34%
£22.5M Newcastle United PSG Yohan Cabaye
31%
£27M SL Benfica PSG Goncalo Guedes
28%
£21.6M Sampdoria Olympique Lyon Joachim Andersen
28%
£21.6M FC Porto Olympique Lyon Lisandro Lopez
28%
£20.1M RSC Charleroi LOSC Lille Victor Osimhen
28%
£22.5M FC Porto AS Monaco Joao Moutinho
27%
£18.9M Sporting CP Stade Rennes Raphinha
26%
£22.5M RSC Anderlecht AS Monaco Youri Tielemans
23%
£24.7M Sevilla FC PSG Grzegorz Krychowiak
22%
£27M Lazio AS Monaco Keita Balde
19%
£27M Atletico Madrid AS Monaco Gelson Martins
14%
£31M Real Madrid PSG Nicolas Anelka
14%
£18M Sevilla FC AS Monaco Geoffrey Kondogbia
12%
£18.8M Genoa AS Monaco Pietro Pellegri
11%
£18M Bayer Leverkusen AS Monaco Benjamin Henrichs
6%
No matching quizzes found
Score Distribution
Percent of People with Each Score
Percentile by Number Answered
Your Score History
You have not taken this quiz